000 01170cab a22002055a 4500
001 L148584
008 091006s2009 xxk d d 000 0 eng d
035 _a(Sirsi) u148584
041 0 _aeng
110 2 _aAsia Property
_95589
245 0 0 _aSurvey
_bIndia
260 _c2009
490 0 _aAsia Property
_vSeptember 2009, 19-25(7)
520 _aIndia?s office market has contracted after downsizing by IT occupiers and retreat by foreign investors but there are opportunities those still in the market and prospects for a quick recovery. The big nine Indian property developers have posted a 76% dip in profits and 57% fall in sales in Q2 2009 but a recent rise in demand and renewed investor interest suggest that the worst is over. Meeting mass demand from India?s middle class for affordable housing is the new focus for residential developers. India?s retail sector has failed to attract investment since the downturn. Tables. Graphs.
590 _aKA
651 4 _aIndia
690 _aPROPERTY-COMMERCIAL PROPERTY-COMMERCIAL PROPERTY FINANCE AND INVESTMENT
690 _aPROPERTY-RESIDENTIAL PROPERTY-RESIDENTIAL PROPERTY FINANCE AND INVESTMENT
942 _n0
999 _c81892
_d81892